Slovenské poľnohospodárske výrobky a potraviny registrované v európskej databáze DOOR ako „Chránené označenie pôvodu“, „Chránené zemepisné označenie“ a „Tradičná zaručená špecialita“

Gespeichert in:
Bibliographische Detailangaben
1. Verfasser: Jarossová, Malgorzata Agnieszka, 1978-
Format: Buchkapitel
Sprache:Slowakisch
Schlagworte:
Tags: Tag hinzufügen
Keine Tags, Fügen Sie das erste Tag hinzu!

MARC

LEADER 00000nla a2200000 4500
001 0228760
005 20240502073750.1
041 0 |a slo 
044 |a SK 
245 1 0 |a Slovenské poľnohospodárske výrobky a potraviny registrované v európskej databáze DOOR ako „Chránené označenie pôvodu“, „Chránené zemepisné označenie“ a „Tradičná zaručená špecialita“  |c Malgorzata A. Jarossová 
610 2 0 |a potraviny 
610 2 0 |a výrobky poľnohospodárske 
610 2 0 |a označovanie tovarov 
610 2 0 |a pôvod tovaru 
610 2 0 |a registrácia 
610 2 0 |a Slovensko 
610 2 0 |a Európa 
100 1 |a Jarossová, Malgorzata Agnieszka, 1978-